Property law /

"Understand and evaluate core subject principles Property Law (Longman Law series), 10th Edition by Roger J. Smith is an indispensable guide to all aspects of this compulsory subject of property law. It combines clear and engaging explanations of core property law principles with in-depth analy...

Descrizione completa

Dettagli Bibliografici
Autore principale: Smith, Roger J. (Roger John), 1948- (Autore)
Natura: Libro
Lingua:English
Pubblicazione: New York : Pearson, 2020.
Edizione:Tenth edition.
Serie:LLAS Longman law series
Soggetti:
Classic Catalogue: View this record in Classic Catalogue
LEADER 05445nam a22004338i 4500
001 45340
003 BD-DhAAL
005 20260222093658.0
008 260219t2020 nyu b 001 0 eng
010 |a  2019055869 
020 |a 9781292286716 
020 |a 9781292286723 
020 |a 9781292286730 
035 |a 21317194 
040 |a DLC  |b eng  |e rda  |c DLC  |d BD-DhAAL 
042 |a pcc 
043 |a e-uk-en 
050 0 0 |a KD829  |b .S64 2020 
082 0 0 |a 346.41043  |2 23 
100 1 |a Smith, Roger J.  |q (Roger John),  |d 1948-  |e author.  |9 60267 
245 1 0 |a Property law /  |c Roger J. Smith. 
250 |a Tenth edition. 
260 |a New York :  |b Pearson,  |c 2020. 
300 |a Ixxxvi, 652 pages :  |b illustrations ;  |c 24 cm 
490 0 |a LLAS Longman law series 
500 |a Includes index. 
505 0 |a Basic property principles -- The central concerns of property law -- Human rights -- Trusts and equitable interests -- Property interests -- The role of legislation and registration for land interests -- Original acquisition of property interests -- The transfer and creation of property interests -- Formalities: rationale and trusts -- Formalities : estoppel -- The family home -- Purchasers : general principles and the need for registration -- Purchasers : registration of title -- Successive and concurrent interests : introduction -- Joint tenancy and tenancy in common -- Trusts of land -- Successive interests -- Leases : types and requirements -- Leases : obligations and remedies -- Leases : parties and the running of covenants -- Commonhold -- Licences -- Easements and profits -- Covenants -- Mortgages. 
520 |a "Understand and evaluate core subject principles Property Law (Longman Law series), 10th Edition by Roger J. Smith is an indispensable guide to all aspects of this compulsory subject of property law. It combines clear and engaging explanations of core property law principles with in-depth analysis of key theoretical concepts enabling you to both understand and evaluate modern land law doctrine. Its comprehensive coverage and scholarly nature also make it accessible to both undergraduates and those pursuing more advanced study. The tenth edition has been fully updated with all significant legal developments in the area of property law, including: Regency Villas Title Ltd v Diamond Resorts (Europe) Ltd on recreational easements; Marr v Collie, relating to the scope of Stack v Dowden; NRAM Ltd v Evans and Antoine v Barclays Bank UK plc, which elucidate the meaning of 'mistake' for rectification of registered titles; The Homes (Fitness for Human Habitation) Act 2018 on obligations of landlords; and A Law Commission Report on updating land registration. For additional web updates accompanying this text, please visit go.pearson.com/uk/legalupdates. This edition is also available as an Enhanced ebook to enrich your studying experience. It has features like: self assessment questions with dedicated feedback to help gauge your progress, deep links to key case reports, statutes & other sources of interest that provide access a wealth of wider reading, end of the chapter quiz that gives further opportunity to consolidate understanding and prepare for exams"-- 
526 8 |a SOL  |x K. Shamsuddin Mahmood Professor and Dean School of Law Course Name and No.: Property Law and Transfer (LAW 203) 
541 1 |a Hye trade International  |e 45340, 45341, 45342, 45343, 45344 
650 0 |a Real property  |z England.  |9 60268 
650 0 |a Law. 
942 |2 ddc  |c BK 
999 |c 47719  |d 47719 
952 |0 0  |1 0  |2 ddc  |4 0  |6 346_410430000000000_SMI  |7 0  |9 78763  |a BRACUL  |b BRACUL  |c NEW  |d 2026-02-22  |e Hye Trade International  |g 6398.00  |l 0  |o 346.41043 SMI  |p 3010045341  |r 2026-01-29  |t 2  |v 12796.00  |w 2026-01-29  |y BK  |x Requisitioned by K. Shamsuddin Mahmood (Professor and Dean, School of Law, BRAC University) for the course named - ''Property Law and Transfer (LAW 203)'' 
952 |0 0  |1 0  |2 ddc  |4 0  |6 346_410430000000000_SMI  |7 0  |9 78764  |a BRACUL  |b BRACUL  |c GEN  |d 2026-02-22  |e Hye Trade International  |g 6398.00  |l 0  |o 346.41043 SMI  |p 3010045342  |r 2026-01-29  |t 3  |v 12796.00  |w 2026-01-29  |y BK  |x Requisitioned by K. Shamsuddin Mahmood (Professor and Dean, School of Law, BRAC University) for the course named - ''Property Law and Transfer (LAW 203)'' 
952 |0 0  |1 0  |2 ddc  |4 0  |6 346_410430000000000_SMI  |7 0  |9 78765  |a BRACUL  |b BRACUL  |c CIR  |d 2026-01-29  |e Hye Trade International  |g 6398.00  |l 0  |o 346.41043 SMI  |p 3010045340  |r 2026-01-29  |t 1  |v 12796.00  |w 2026-01-29  |y 1HOUR  |x Requisitioned by K. Shamsuddin Mahmood (Professor and Dean, School of Law, BRAC University) for the course named - Property Law and Transfer (LAW 203) ); As instructed by the University Librarian, the book has been placed on a one-hour loan period following the receipt of five copies. 
952 |0 0  |1 0  |2 ddc  |4 0  |6 346_410430000000000_SMI  |7 0  |9 78766  |a BRACUL  |b BRACUL  |c GEN  |d 2026-01-29  |e Hye Trade International  |g 6398.00  |l 0  |o 346.41043 SMI  |p 3010045343  |r 2026-01-29  |t 4  |v 12796.00  |w 2026-01-29  |y BK  |x Requisitioned by K. Shamsuddin Mahmood (Professor and Dean, School of Law, BRAC University) for the course named - ''Property Law and Transfer (LAW 203)'' 
952 |0 0  |1 0  |2 ddc  |4 0  |6 346_410430000000000_SMI  |7 0  |9 78767  |a BRACUL  |b BRACUL  |c GEN  |d 2026-01-29  |e Hye Trade International  |g 6398.00  |l 0  |o 346.41043 SMI  |p 3010045344  |r 2026-01-29  |t 5  |v 12796.00  |w 2026-01-29  |y BK  |x Requisitioned by K. Shamsuddin Mahmood (Professor and Dean, School of Law, BRAC University) for the course named - ''Property Law and Transfer (LAW 203)''